[Event "Bhubaneswar op-A 14th"]
[Site "Bhubaneswar"]
[Date "2023.06.13"]
[Round "3"]
[White "Siddhanth, Poonja"]
[Black "Vengatesh Krishnan, C."]
[Result "0-1"]
[WhiteElo "1616"]
[BlackElo "1698"]
[PlyCount "78"]
[EventDate "2023.06.11"]
[EventType "swiss"]
[EventRounds "10"]
[EventCountry "IND"]
[SourceTitle "CBM 214 Extra"]
[Source "ChessBase"]
[SourceDate "2023.07.31"]
[SourceVersion "1"]
[SourceVersionDate "2023.07.31"]
[SourceQuality "1"]

1. d4 Nf6 2. Nc3 d5 3. Bf4 a6 4. e3 e6 5. g4 c5 6. g5 Nfd7 7. Qg4 Nc6 8. 0-0-0 h6 9. gxh6 gxh6 10. Nge2 cxd4 11. exd4 Nf6 12. Qf3 b5 13. Bh3 Be7 14. Rhg1 b4 15. Nb1 Ne4 16. Qe3 Bd7 17. Bg2 Nf6 18. Bf3 Qa5 19. Bxh6 0-0-0 20. Qf4 Ne8 21. Bh5 Nd6 22. Ng3 Qxa2 23. Be2 Na5 24. Bxa6+ Kb8 25. Bg7 Rh4 26. Qe3 Ka7 27. Be2 Nac4 28. Qb3 Bg5+ 29. Rd2 Qxb1+ 30. Kxb1 Nxd2+ 31. Ka2 Nxb3 32. Kxb3 f6 33. Nh5 Ne8 34. Bf8 Rh3+ 35. Ng3 Nc7 36. Bd6 Ba4+ 37. Kxa4 Rxd6 38. Kxb4 Rb6+ 39. Kc3 Rxh2 0-1